Statistics for Richest Countries A-Z

Click here to take the quiz!

General Stats

  • This quiz has been taken 83 times
    (82 since last reset)
  • The average score is 18 of 24

Answer Stats

HintAnswer% Correct
No. 22Oman
93%
No. 1Qatar
92%
No. 16Australia
89%
No. 20Denmark
89%
No. 153Yemen
89%
No. 138Zambia
89%
No. 24France
87%
No. 18Germany
87%
No. 6Norway
86%
No. 2Luxembourg
85%
No. 27Japan
83%
No. 7UAE
83%
No. 21Canada
79%
No. 47Hungary
79%
No. 69Venezuela
77%
No. 5Kuwait
76%
No. 48Russia
76%
No. 11Ireland
73%
No. 3Singapore
73%
No. 42Portugal
66%
No. 4Brunei
61%
No. 30Malta
48%
No. 36Equatorial Guinea
30%
No. 35Trinidad and Tobago
30%

Score Distribution

Percentile by Number Answered

Percent of People with Each Score

Your Score History

You have not taken this quiz since the last reset